00709 2200253 4500001002100000005001500021035002000036007000300056008004100059020001800100082000800118084001400126100002000140245007500160250000600235260005200241300003800293650002100331650002600352700002800378700002300406990001300429990001300442INLIS00000000003808220190925013413 a0010-0919000076ta190925 g 0 ind  a9786023923519 a250 aMKDU 42221 aSidjabat, B. S.1 aPendidikan Agama Kristen :b1 - 9 / MKDU4222 / 3 SKS /cB. S. Sidjabat a2 aTangerang Selatan :bUniversitas Terbuka,c2018 a549 halaman :bilustrasi ;c21 cm 4aKristen -- Agama 4aChristian -- Religion3 aNainggolan, John Madris1 aNaat, Dominggus E. a19/30055 a19/90082